| 000 | 01276nam a22003017a 4500 | ||
|---|---|---|---|
| 999 |
_c28064 _d28035 |
||
| 003 | EG-ScBUE | ||
| 005 | 20200212132128.0 | ||
| 008 | 200212t2018 ii f b 001 0 eng d | ||
| 020 | _a9789386479785 | ||
| 040 |
_aEG-ScBUE _beng _erda _cEG-ScBUE _dEG-ScBUE |
||
| 082 | 0 | 4 |
_a624.1 _bDAY _222 |
| 100 | 1 |
_aDayaratnam, P., _eauthor. _918879 |
|
| 245 | 1 | 0 |
_aDesign of reinforced concrete structures / _cP. Dayaratnam, formerly professor and head of civil engineering, formerly dean of research and development, Indian Institute of Technology, Kanpur, formerly vice chancellor, J.N.T. University, Hyderabad, India, Dr. P. Sarah, professor of physics and dean, R&D Vardhaman College of Engineering, Hyderabad, India. |
| 250 | _aFifth edition. | ||
| 264 | 1 |
_aDaryaganj, New Delhi : _bMedtech, a Division of Scientific International, _c[2018] |
|
| 264 | 4 | _cc2018 | |
| 300 |
_axix, 814 pages ; _c24 cm |
||
| 336 |
_2rdacontent _atext _btxt |
||
| 337 |
_2rdamedia _aunmediated _bn |
||
| 338 |
_2rdacarrier _avolume _bnc |
||
| 504 | _aIncludes bibliographical references and index. | ||
| 650 | 7 |
_aStructural engineering. _2BUEsh |
|
| 653 |
_bENGGEN _cFebruary2020 |
||
| 655 |
_vReading book _934232 |
||
| 700 | 1 |
_aSarah, P., _eauthor. |
|
| 942 |
_2ddc _cBB |
||